| 000 | 00612nam a2200193Ia 4500 | ||
|---|---|---|---|
| 005 | 20250923145151.0 | ||
| 008 | 008 250917s9999 xx 000 0 eng d | ||
| 037 | _aReports | ||
| 040 |
_aDSWL _beng _cDSWL |
||
| 041 |
_aeng _2eng |
||
| 084 |
_aW:28.2'N67t, N68;1 _qDSWL |
||
| 245 | 0 |
_aReport on the Machinery of the Government of India and Its procedures of work _cby Govt. Of India Press |
|
| 260 |
_aNew Delhi _b Govt. Of India Press _c1967 |
||
| 300 | _aii,168p. | ||
| 365 |
_aINR _b2.70 |
||
| 925 | _g2.70 | ||
| 942 |
_cREP _hW:28.2'N67t, N68;1 |
||
| 999 |
_c1447965 _d1447965 |
||